Raktározási folyamatok, bérraktározás és fuvarszervezés a HRP Hungary Kft.-nél

Bibliográfiai részletek
Szerző: Haizer Szabolcs
További közreműködők: Gubán Dr. Ákos
Dokumentumtípus: Diplomadolgozat
Kulcsszavak:Logisztika
Raktározás
Fuvarszervezés
Online Access:http://dolgozattar.uni-bge.hu/9791

MARC

LEADER 00000nta a2200000 i 4500
001 dolg9791
005 20161219200035.0
008 161219suuuu hu om 000 hun d
040 |a BGE Dolgozattár Repozitórium  |b hun 
041 |a hu 
100 1 |a Haizer Szabolcs 
245 1 0 |a Raktározási folyamatok, bérraktározás és fuvarszervezés a HRP Hungary Kft.-nél  |c Haizer Szabolcs  |h [elektronikus dokumentum] 
246 1 1 |a Raktározási folyamatok, bérraktározás és fuvarszervezés a HRP Hungary Kft.-nél 
246 1 1 |a Warehousing processes, warehousing and forwarding of HRP Hungary Kft 
695 |a Logisztika  
695 |a Raktározás 
695 |a Fuvarszervezés 
700 1 |a Gubán Dr. Ákos  |e ths 
856 4 0 |u http://dolgozattar.uni-bge.hu/9791/1/Haizer%20Szabolcs%202016%20Szakdolgozat.pdf  |z Dokumentum-elérés 
856 4 0 |u http://dolgozattar.uni-bge.hu/9791/2/Scanbot%202016.%20dec.%2019.%2019.30.pdf  |z Dokumentum-elérés